Característica dos problemas agrários nos países em via de desenvolvimento

Bibliographic Details
Main Author: Beneš, Jiří (Author)
Format: Book
Language:Portuguese
Published: Praha Vysoká škola politická ÚV KSČ 1983

MARC

LEADER 00000nam a2200000 a 4500
001 vtls001264705
003 SK-MaSNL
005 20260301064412.0
008 240315s1983 xr 0 por
035 |a SNK000215630 
040 |a SNK  |b slo  |c SNK  |e AACR2 
044 |a xr  |c CZ 
100 1 |a Beneš, Jiří  |4 aut  |9 279796 
245 1 |a Característica dos problemas agrários nos países em via de desenvolvimento  |c Jiří Beneš 
260 |a Praha  |b Vysoká škola politická ÚV KSČ  |c 1983 
300 |a 26 s.  |c 8° 
958 |a OND 
999 |c 626721  |d 628651 
952 |t P60, <04>, [BOOK], {604}  |a SNK  |b SNK  |y VYP  |7 0  |o snkIC 94067  |i snkKIP 1830/84  |0 0  |1 0  |4 0  |d 1996-10-30  |l 0  |r 2005-01-01 00:00:00  |w 2026-02-23